Die Meistersinger von Nurnberg

Αποθηκεύτηκε σε:
Λεπτομέρειες βιβλιογραφικής εγγραφής
Κύριος συγγραφέας: Wagner, Richard, 1813-1883
Συλλογικό Έργο: Staatsoper Dresden. Chor, Rundfunkchor Leipzig, Staatskapelle Dresden
Άλλοι συγγραφείς: Kollo, Rene (Ερμηνευτής), Donath, Helen (Ερμηνευτής), Adam, Theo (Ερμηνευτής), Evans, Geraint (Ερμηνευτής), Ridderbusch, Karl (Ερμηνευτής), Schreier, Peter (Ερμηνευτής), Hesse, Ruth (Ερμηνευτής), Karajan, Herbert von (Διευθυντής, Διευθυντής ορχήστρας)
Μορφή: Ηχητικό
Γλώσσα:German
Δημοσίευση: Middlesex, England : EMI Records, 1988
Θέματα:
Ετικέτες: Προσθήκη ετικέτας
Δεν υπάρχουν, Καταχωρήστε ετικέτα πρώτοι!

MARC

LEADER 00000cjm a2200000 i 4500
001 1/72473
008 050301s1988 ge ger d
028 0 1 |a CDS 7496832 
035 |l 10076827 
040 |a GR-MY-UA  |b gre  |e aacr 
041 0 |d ger  |g eng  |g fre 
082 0 |a 782.1  |2 (21η εκδ.) 
100 1 |a Wagner, Richard,   |d 1813-1883. 
245 1 4 |a Die Meistersinger von Nurnberg  |h [ηχογράφηση] /  |c Richard Wagner ; conducted by Herbert von Karajan ; Chor der Staatsoper Dresden ; Chor des Leipziger Rundfunks ; Staatskapelle Dresden 
260 |a Middlesex, England :   |b EMI Records,   |c 1988 
300 |a 4 δίσκοι CD (265 λ.);  |c 4 3/4+  |e 1 σύνοψη 
500 |a Όπερα σε τρεις πράξεις 
500 |a Η σύνοψη στα αγγλικά και γαλλικά 
511 |a Rene Kollo, tenor ; Helen Donath, sopran ; Theo Adam, Geraint Evans, bass-baritones ; Peter Schreier, tenor ; Ruth Hesse, mezzosopran ; Karl Ridderbusch, bass [et als...] 
650 0 0 |a Operas. 
700 1 |a Kollo, Rene.  |4 prf 
700 1 |a Donath, Helen.  |4 prf 
700 1 |a Adam, Theo.  |4 prf 
700 1 |a Evans, Geraint.  |4 prf 
700 1 |a Ridderbusch, Karl.  |4 prf 
700 1 |a Schreier, Peter.  |4 prf 
700 1 |a Hesse, Ruth.  |4 prf 
700 1 |4 drt  |4 cnd  |a Karajan, Herbert von. 
710 2 |a Staatsoper Dresden.   |b Chor. 
710 2 |a Rundfunkchor Leipzig. 
710 2 |a Staatskapelle Dresden. 
852 |a INST  |b RHODES  |c AV  |e 20050301  |h 782.1 WAG  |p 005400012067  |q 005400012067  |t CD  |y 23  |z cd.3 
852 |a INST  |b RHODES  |c AV  |e 20050301  |h 782.1 WAG  |p 005400012076  |q 005400012076  |t CD  |y 23  |z cd.4 
852 |a INST  |b RHODES  |c AV  |e 20050301  |h 782.1 WAG  |p 005400012539  |q 005400012539  |t CD  |y 23  |z cd.2 
852 |a INST  |b RHODES  |c AV  |e 20050301  |h 782.1 WAG  |p 005400013045  |q 005400013045  |t CD  |y 23  |z ??? 
852 |a INST  |b RHODES  |c AV  |e 20050301  |h 782.1 WAG  |p 005400013266  |q 005400013266  |t CD  |y 23  |z cd.1 
852 |a INST  |b RHODES  |c AV  |e 20050301  |h 782.1 WAG  |p 005400012067  |q 005400012067  |t CD  |v cd.3:  |y 23  |z cd.3 
852 |a INST  |b RHODES  |c AV  |e 20050301  |h 782.1 WAG  |p 005400012076  |q 005400012076  |t CD  |v cd.4:  |y 23  |z cd.4 
852 |a INST  |b RHODES  |c AV  |e 20050301  |h 782.1 WAG  |p 005400012539  |q 005400012539  |t CD  |v cd.2:  |y 23  |z cd.2 
852 |a INST  |b RHODES  |c AV  |e 20050301  |h 782.1 WAG  |p 005400013045  |q 005400013045  |t CD  |v (Unknown.)???:  |y 23  |z ??? 
852 |a INST  |b RHODES  |c AV  |e 20050301  |h 782.1 WAG  |p 005400013266  |q 005400013266  |t CD  |v cd.1:  |y 23  |z cd.1 
853 |a INST  |b RHODES  |c AV  |h 782.1 WAG 
901 |a BIBL4-2005-1 
909 |a Ρ  |b 078190 
909 |a Ρ  |b 078191 
909 |a Ρ  |b 078192 
909 |a Ρ  |b 078193 
909 |a Ρ  |b 078189 
922 |a 4  |b 199502  |c ΒΙΒΛΙΟΘΗΚΗ 
970 |a ΣΜΠΙΛΗ  |b ΕΛΕΝΗ  |z 2005/03/01